000 01276cam a2200349 4500
008 090401t1998 xxu||||| |||| 00| 0 eng d
020 _a0406896194
035 _a(Sirsi) u79562
041 _aeng
050 _a346.4104343
100 _aRoss, Murray
245 _aCommercial leases.
250 _a5th ed.
260 _aLondon
_bButterworths
_c1998
300 _a1v. (loose-leaf) ; 25cm.
350 _a318
520 _aA bible for commercial property lawyers. Updated twice a year this title contains everything you need to know about Commercial leases with relevant cases, precedents and guidance.
520 _aThis looseleaf is up-to-date as at August 2009. We have cancelled our subscription and will remove this title from our collection when it becomes out-of-date. Please ask a member of staff for more details.
520 _aEarlier title Drafting and Negotiating Commercial Leases
554 _aTwo updates per year
650 _aBUSINESS LEASES
650 _aCOMMERCIAL LEASES
650 _aInsurance
_96249
650 _aLEASE RENEWALS
650 _aRENT REVIEWS
650 _aREPAIRS
650 _aSERVICE CHARGES
650 _aUNDERLEASES
690 _aLANDLORD AND TENANT-BUSINESS TENANCIES
942 _n0
948 _c11/07/1997
999 _c96555
_d96555